Geography Quiz

Random Geography or World Quiz
Score 0/56 Timer 04:00
1 Play Today
Clue Country % Correct
omaliSomalia
85.4%
roatiCroatia
84.6%
wedeSweden
84.2%
ustriAustria
84%
stoniEstonia
83.9%
lbaniAlbania
83.7%
yrgyzstaKyrgyzstan
81%
iberiLiberia
80.8%
elaruBelarus
80.4%
ibyLibya
80.4%
ndiIndia
80%
ietnaVietnam
79.7%
ahamaBahamas
79.2%
hailanThailand
79.1%
yriSyria
78.6%
hinChina
78.5%
ngolAngola
78.4%
rancFrance
78.4%
anadCanada
77.1%
ambiZambia
76.7%
anamPanama
75.9%
relanIreland
75.5%
urundBurundi
75.3%
enegaSenegal
74.7%
enmarDenmark
73.9%
aoLaos
73.1%
hilChile
73%
alawMalawi
71.5%
Clue Country % Correct
epaNepal
71.4%
enyKenya
69.4%
raziBrazil
69.1%
talItaly
68.3%
olanPoland
67.7%
udaSudan
67.1%
ogTogo
66.6%
ritreEritrea
64.8%
ruguaUruguay
64.1%
uineGuinea
62.9%
runeBrunei
62.8%
maOman
62.8%
paiSpain
62.6%
aitHaiti
62.5%
ongTonga
60.3%
anuatVanuatu
59.9%
haChad
59.4%
omoroComoros
59%
uvalTuvalu
57.2%
aboGabon
57%
alMali
53.7%
emeYemen
53.3%
erPeru
52.7%
hanGhana
50.1%
eniBenin
45.4%
ataQatar
44.6%
aurNauru
39.2%
alaPalau
31.5%
Remove Ads.
Support Sporcle.
Get the best of Sporcle when you Go Orange. This ad-free experience offers more features, more stats, and more fun while also helping to support Sporcle. Thank you for becoming a member.

You're not logged in!

Compare scores with friends on all Sporcle quizzes.
OR
Log In

Show Comments

Extras

Top Quizzes Today


Score Distribution

Your Account Isn't Verified!

In order to create a playlist on Sporcle, you need to verify the email address you used during registration. Go to your Sporcle Settings to finish the process.

Report this User

Report this user for behavior that violates our Community Guidelines.

Details: